01154cam a2200313 a 4500001000800000005001700008008004100025010001700066020003500083020004000118035001200158040001800170050002200188082001600210100003100226245005900257260004300316300002700359336002600386337002800412338002700440440008000467504005400547650002800601906004500629942001500674952013400689999001700823117979620260507125732.0970307s1997 mdu bd 000 0 eng  a 97011325  a0810833271qcloth : alk. paper a9780810833272q(cloth : alk. paper) a1179796 aDLCcDLCdDLC00aBL1105b.S85 199700a294.5032211 aSullivan, Bruce M.,d1951-10aHistorical dictionary of Hinduism cBruce M. Sullivan. aLanham, Md. :bScarecrow Press,c1997. axvii, 345 p. ;c23 cm. atextbtxt2rdacontent aunmediatedbn2rdamedia avolumebnc2rdacarrier 0aHistorical dictionaries of religions, philosophies, and movements ;vno. 13 aIncludes bibliographical references (p. 265-344). 0aHinduismxDictionaries. a7bcbccorignewd1eocipf19gy-gencatlg 2ddccBKn0 00102ddc4070aHMIbHMIcGENd2026-05-07eKohinoor Book Distributorg9250.00l0o294.503 SULp26035r2026-05-07w2026-05-07yBK c23709d23709